[Event "Eurasia Cup op"]
[Site "Ekaterinburg"]
[Date "2019.08.05"]
[Round "5"]
[White "Tanygin, Valerij"]
[Black "Semenov, Anatoliy"]
[Result "1-0"]
[WhiteElo "1964"]
[BlackElo "1744"]
[PlyCount "89"]
[EventDate "2019.07.31"]
[EventType "swiss"]
[EventRounds "9"]
[EventCountry "RUS"]
[SourceTitle "CBM 191 Extra"]
[Source "ChessBase"]
[SourceDate "2019.09.30"]
[SourceVersion "1"]
[SourceVersionDate "2019.09.30"]
[SourceQuality "1"]

1. c4 e5 2. Nc3 Nf6 3. Nf3 Nc6 4. d3 d5 5. cxd5 Nxd5 6. g3 f6 7. Bg2 Be6 8. 0-0 Bc5 9. a3 Qd7 10. Bd2 0-0-0 11. b4 Bb6 12. Rb1 h5 13. h4 Nxc3 14. Bxc3 Bh3 15. a4 g5 16. a5 Bd4 17. Bd2 Bxg2 18. Kxg2 e4 19. dxe4 Qg4 20. Qc2 Rhg8 21. Rh1 Be5 22. Nxe5 Nxe5 23. f3 Qd7 24. Be3 gxh4 25. Rxh4 Qg7 26. Rh3 h4 27. Bf2 hxg3 28. Bxa7 Qg5 29. e3 Nc6 30. Bc5 Rd7 31. Rd1 Rxd1 32. Qxd1 Qe5 33. Qc2 Qg5 34. a6 bxa6 35. Bd6 Qxe3 36. Bxg3 Ne5 37. Qf2 Qc3 38. f4 Nd3 39. Qa2 Nxf4+ 40. Kh2 Rd8 41. Bxf4 Qc6 42. Rh7 Rd7 43. Rxd7 Kxd7 44. Qd5+ Qxd5 45. exd5 1-0

[Event "RUS-ch Eurasia Cup op"]
[Site "Ekaterinburg"]
[Date "2018.08.10"]
[Round "9"]
[White "Semenov, Anatoliy"]
[Black "Volkov, Roman"]
[Result "0-1"]
[WhiteElo "1766"]
[BlackElo "2123"]
[PlyCount "44"]
[EventDate "2018.08.01"]
[EventType "swiss"]
[EventRounds "9"]
[EventCountry "RUS"]
[SourceTitle "CBM 185 Extra"]
[Source "ChessBase"]
[SourceDate "2018.07.29"]
[SourceVersion "1"]
[SourceVersionDate "2018.07.29"]
[SourceQuality "1"]

1. e4 c5 2. Nf3 e6 3. d4 cxd4 4. Nxd4 a6 5. Bd3 Nf6 6. 0-0 d6 7. Nc3 b5 8. a3 Bb7 9. Be3 g6 10. f4 Nbd7 11. Qf3 Bg7 12. Qh3 Nc5 13. Qf3 0-0 14. Rae1 Nfd7 15. Qh3 e5 16. Nde2 exf4 17. Nxf4 Re8 18. Nfd5 Bxd5 19. Bxc5 Be6 20. Qf3 Ne5 21. Qf2 Nxd3 22. cxd3 dxc5 0-1

[Event "RUS-ch Eurasia Cup op"]
[Site "Ekaterinburg"]
[Date "2018.08.08"]
[Round "7"]
[White "Semenov, Anatoliy"]
[Black "Kharitonov, Egor1111"]
[Result "0-1"]
[WhiteElo "1766"]
[BlackElo "1972"]
[PlyCount "78"]
[EventDate "2018.08.01"]
[EventType "swiss"]
[EventRounds "9"]
[EventCountry "RUS"]
[SourceTitle "CBM 185 Extra"]
[Source "ChessBase"]
[SourceDate "2018.07.29"]
[SourceVersion "1"]
[SourceVersionDate "2018.07.29"]
[SourceQuality "1"]

1. e4 c5 2. Nf3 e6 3. d4 cxd4 4. Nxd4 a6 5. Bd3 g6 6. 0-0 Bg7 7. Be3 Ne7 8. Nc3 0-0 9. f4 Nbc6 10. Nde2 d5 11. Bc5 b6 12. Bf2 Qc7 13. Bh4 dxe4 14. Bxe4 Bb7 15. a3 Rad8 16. Bd3 Rd7 17. Rb1 Nf5 18. Qe1 Ncd4 19. Bf2 b5 20. Nxd4 Nxd4 21. Be3 Rfd8 22. Qf2 Nf5 23. Bxf5 exf5 24. Bb6 Qc6 25. Be3 a5 26. Nd1 Qc4 27. b3 Qc6 28. Nb2 Bxb2 29. Rxb2 Qc3 30. Rbb1 Rd2 31. Bxd2 Rxd2 32. Qxd2 Qxd2 33. Rf2 Qc3 34. Rd1 Be4 35. h3 a4 36. bxa4 bxa4 37. Rdd2 Qxa3 38. Rd8+ Kg7 39. Rfd2 Qc1+ 0-1

[Event "RUS-ch Eurasia Cup op"]
[Site "Ekaterinburg"]
[Date "2018.08.02"]
[Round "2"]
[White "Tyurin, Ilya1111"]
[Black "Semenov, Anatoliy"]
[Result "1-0"]
[WhiteElo "2069"]
[BlackElo "1766"]
[PlyCount "61"]
[EventDate "2018.08.01"]
[EventType "swiss"]
[EventRounds "9"]
[EventCountry "RUS"]
[SourceTitle "CBM 185 Extra"]
[Source "ChessBase"]
[SourceDate "2018.07.29"]
[SourceVersion "1"]
[SourceVersionDate "2018.07.29"]
[SourceQuality "1"]

1. Nf3 d5 2. c4 c6 3. e3 e6 4. b3 f5 5. Bb2 Nf6 6. Be2 Bd6 7. Nc3 0-0 8. Qc2 Qe7 9. d3 b6 10. e4 Nbd7 11. 0-0 Bb7 12. cxd5 cxd5 13. exf5 exf5 14. Nb5 Bf4 15. Ba3 Nc5 16. d4 Qe4 17. Qd1 Ncd7 18. Bxf8 Kxf8 19. Bd3 Qe6 20. g3 Bh6 21. Nc7 Qd6 22. Nxa8 Bxa8 23. Bxf5 Ne4 24. Bxd7 Qxd7 25. Ne5 Qh3 26. Qg4 Qxg4 27. Nxg4 Bd2 28. f3 h5 29. fxe4+ Ke7 30. Rad1 Bg5 31. h4 1-0